[Event "XIV Torneo Leonardo di Bona Magistrale"]
[Site "Cutro ITA"]
[Date "2008.04.23"]
[Round "1"]
[White "Van Hoolandt, Patrick"]
[Black "Naumkin, Igor"]
[Result "0-1"]
[WhiteElo "2183"]
[BlackElo "2494"]
[PlyCount "120"]
[EventDate "2008.04.23"]

1. d4 e6 2. c4 Nf6 3. Nf3 b6 4. Nc3 Bb7 5. Bg5 h6 6. Bh4 g5 7. Bg3 Nh5 8. e3
Nxg3 9. hxg3 Bg7 10. Qc2 Nc6 11. a3 a6 12. Bd3 Qe7 13. g4 O-O-O 14. O-O-O Kb8
15. Kb1 Na5 16. Rc1 c5 17. dxc5 bxc5 18. Qa4 Qd6 19. Rhd1 Qb6 20. Ka2 d5 21.
cxd5 Bxd5+ 22. Ka1 Nb3+ 23. Kb1 Nxc1 24. Kxc1 Bb3 25. Qe4 Bxd1 26. Nxd1 Qb7 27.
Qc4 Qb5 28. Qxb5+ axb5 29. Bxb5 f5 30. gxf5 exf5 31. Nc3 Bf6 32. Na4 Ka7 33.
Nxc5 Rc8 34. b4 Be7 35. Bd7 Bxc5 36. Bxc8 Bxe3+ 37. fxe3 Rxc8+ 38. Kd2 Rd8+ 39.
Nd4 Kb6 40. a4 f4 41. Kd3 fxe3 42. Kxe3 Re8+ 43. Kf3 Rf8+ 44. Ke3 Rf4 45. Nc2
h5 46. Nd4 Rg4 47. a5+ Ka6 48. Ne6 Rxg2 49. Kf3 Rg1 50. Kf2 Rg4 51. Kf3 Kb5 52.
Nc7+ Kxb4 53. a6 Kc5 54. a7 Ra4 55. Ne6+ Kd6 56. Nxg5 Ke5 57. Nf7+ Kf6 58. Nd6
Rxa7 59. Kg3 Ra4 60. Kh3 Rd4 0-1

[Event "XIV Torneo Leonardo di Bona Magistrale"]
[Site "Cutro ITA"]
[Date "2008.04.24"]
[Round "2"]
[White "Abatino, Maurizio"]
[Black "Damia, Angelo"]
[Result "1/2-1/2"]
[WhiteElo "2168"]
[BlackElo "2302"]
[PlyCount "37"]
[EventDate "2008.04.23"]

1. d4 d6 2. c4 e5 3. Nc3 exd4 4. Qxd4 Nc6 5. Qd2 Be7 6. g3 Nf6 7. Bg2 O-O 8.
Nh3 Ne5 9. b3 a5 10. Bb2 c6 11. Nf4 a4 12. Rd1 axb3 13. axb3 Qb6 14. Qc2 Bf5
15. Qxf5 Qxb3 16. Qb1 Nxc4 17. Ba1 Qxb1 18. Rxb1 d5 19. e3 1/2-1/2

[Event "XIV Torneo Leonardo di Bona Magistrale"]
[Site "Cutro ITA"]
[Date "2008.04.24"]
[Round "2"]
[White "Andonov, Bogomil"]
[Black "Codenotti, Marco"]
[Result "1-0"]
[WhiteElo "2334"]
[BlackElo "2063"]
[PlyCount "115"]
[EventDate "2008.04.23"]

1. Nf3 Nf6 2. c4 g6 3. Nc3 Bg7 4. e4 d6 5. d4 O-O 6. h3 e5 7. d5 Na6 8. Bg5 h6
9. Be3 Nc5 10. Nd2 a5 11. g4 c6 12. Be2 Bd7 13. f3 a4 14. Nf1 cxd5 15. cxd5 b5
16. Ng3 Qa5 17. Qd2 Rfc8 18. Kf2 Ra7 19. Rhc1 b4 20. Nd1 Rac7 21. Ke1 Bb5 22.
Nf2 Nfd7 23. Nf1 Nb6 24. Bxb5 Qxb5 25. Qe2 Qd7 26. Nd2 f5 27. Kd1 f4 28. Bxc5
dxc5 29. Qa6 Rb8 30. Nc4 Nxd5 31. exd5 Qxd5+ 32. Ke2 a3 33. Rd1 axb2 34. Nxb2
Qf7 35. Ne4 c4 36. Nd6 Qe6 37. Nbxc4 e4 38. Rac1 exf3+ 39. Kxf3 Rbc8 40. Qb6
Rc6 41. Nxc8 Rxb6 42. N8xb6 Qc6+ 43. Nd5 Bc3 44. Ne5 Qa8 45. Nxg6 Qxa2 46. Nxc3
Qa3 47. Ne7+ Kf7 48. Ned5 bxc3 49. Rxc3 Qa4 50. Rcd3 Qc6 51. Rd4 Qb7 52. Rxf4+
Kg7 53. Re4 Qb3+ 54. Ne3 Qa3 55. Kf4 Qc5 56. Nf5+ Kf6 57. Rd6+ Kf7 58. Re7+ 1-0

[Event "XIV Torneo Leonardo di Bona Magistrale"]
[Site "Cutro ITA"]
[Date "2008.04.24"]
[Round "2"]
[White "Bentivegna, Francesco"]
[Black "Brancaleoni, Maurizio"]
[Result "1/2-1/2"]
[WhiteElo "2361"]
[BlackElo "2207"]
[PlyCount "20"]
[EventDate "2008.04.23"]

1. e4 e5 2. d4 exd4 3. Nf3 Nc6 4. Bc4 Nf6 5. e5 d5 6. Bb5 Nd7 7. Bxc6 bxc6 8.
Nxd4 Nxe5 9. O-O Be7 10. Bf4 c5 1/2-1/2

[Event "XIV Torneo Leonardo di Bona Magistrale"]
[Site "Cutro ITA"]
[Date "2008.04.24"]
[Round "2"]
[White "Dobrev, Nanko"]
[Black "Maiorov, Nikita"]
[Result "0-1"]
[WhiteElo "2402"]
[BlackElo "2524"]
[PlyCount "76"]
[EventDate "2008.04.23"]

1. d4 Nf6 2. c4 e6 3. Nf3 b6 4. a3 c5 5. d5 Ba6 6. Qb3 exd5 7. cxd5 g6 8. Qe3+
Qe7 9. Qxe7+ Kxe7 10. Nc3 Bg7 11. g3 Re8 12. Bf4 d6 13. Nd2 Nh5 14. Bg5+ f6 15.
Be3 f5 16. Bg2 Nd7 17. O-O Kf7 18. Rfe1 Ne5 19. Nf3 Nxf3+ 20. Bxf3 Rad8 21. Bg5
Nf6 22. h4 h6 23. Bxf6 Bxf6 24. h5 g5 25. e4 Bxc3 26. bxc3 Kf6 27. g4 fxe4 28.
Bxe4 Bc4 29. Bf3 Bb5 30. Be4 Re5 31. Bf5 Rde8 32. Be6 Rxe1+ 33. Rxe1 Bd7 34.
Rd1 Bxe6 35. dxe6 Rxe6 36. Kg2 Ke7 37. f4 Re4 38. Kg3 Rxf4 0-1

[Event "XIV Torneo Leonardo di Bona Magistrale"]
[Site "Cutro ITA"]
[Date "2008.04.24"]
[Round "2"]
[White "Mrdja, Milan"]
[Black "Gladyszev, Oleg"]
[Result "1-0"]
[WhiteElo "2360"]
[BlackElo "2497"]
[PlyCount "143"]
[EventDate "2008.04.23"]

1. e4 c5 2. Nf3 Nc6 3. Bb5 g6 4. h3 Bg7 5. Bxc6 dxc6 6. d3 Nf6 7. Nc3 O-O 8.
Be3 b6 9. Qd2 e5 10. Bh6 Qd6 11. O-O-O a5 12. Kb1 a4 13. g4 b5 14. Ne2 Be6 15.
Bxg7 Kxg7 16. Ng5 b4 17. f4 a3 18. b3 exf4 19. Qxf4 Qxf4 20. Nxf4 Bc8 21. Kc1
Ne8 22. d4 h6 23. Nf3 Nd6 24. Rhe1 Nb5 25. dxc5 Nc3 26. Rd4 Ba6 27. Kd2 Rad8
28. Nd3 Nxa2 29. Ra1 Rxd4 30. Nxd4 Nc3 31. Nxb4 Nxe4+ 32. Ke3 Nxc5 33. Nxa6
Nxa6 34. Rxa3 Nb4 35. Ra5 Re8+ 36. Kd2 Rd8 37. c3 Rd6 38. Rc5 Kf6 39. h4 Ke7
40. Rc4 Nd5 41. Nxc6+ Kf8 42. Ne5 Nb6+ 43. Rd4 Rxd4+ 44. cxd4 Ke7 45. Kd3 Ke6
46. Nc4 Nd7 47. Ne3 f5 48. gxf5+ gxf5 49. Ng2 Kd6 50. Nf4 Kc6 51. Ne6 Kd5 52.
Ng7 f4 53. Nh5 f3 54. Nf4+ Kc6 55. Ke4 Kb5 56. Ke3 Nf6 57. Nd3 Kc6 58. Kxf3 Kd6
59. Ke3 Kc6 60. Nf4 Kb5 61. Kd3 Ne8 62. Kc2 Nd6 63. Nd5 Ne4 64. h5 Ka5 65. b4+
Kb5 66. Ne3 Ng3 67. Kb3 Nxh5 68. Ng4 Ng3 69. Nxh6 Ne4 70. d5 Nd2+ 71. Kc3 Ne4+
72. Kd4 1-0

[Event "XIV Torneo Leonardo di Bona Magistrale"]
[Site "Cutro ITA"]
[Date "2008.04.24"]
[Round "2"]
[White "Salvador, Roland"]
[Black "Blasco, Domenico"]
[Result "1-0"]
[WhiteElo "2450"]
[BlackElo "2025"]
[PlyCount "95"]
[EventDate "2008.04.23"]

1. d4 Nf6 2. Nf3 e6 3. c4 b6 4. g3 Bb7 5. Bg2 Be7 6. O-O O-O 7. Nc3 Ne4 8. Qc2
Nxc3 9. bxc3 f5 10. d5 Qc8 11. e4 Na6 12. exf5 exd5 13. cxd5 Bf6 14. Rd1 Nb4
15. Qb3 a5 16. Ba3 Re8 17. cxb4 Bxa1 18. d6+ Kh8 19. Ng5 h6 20. Nf7+ Kh7 21.
Rxa1 Bxg2 22. Kxg2 cxd6 23. Bb2 a4 24. Ng5+ hxg5 25. Qf7 Re5 26. Qg6+ Kg8 27.
Re1 Qe8 28. Qxg5 Qf7 29. Bxe5 dxe5 30. Rxe5 Rc8 31. Re7 Qd5+ 32. Kh3 Qd4 33. f6
Qxf6 34. Qd5+ Kh8 35. Re4 g5 36. Qxd7 Rf8 37. f4 Rf7 38. Qd4 gxf4 39. Qxf6+
Rxf6 40. Rxf4 Rd6 41. b5 Rd5 42. Rxa4 Rxb5 43. Ra7 Rb2 44. g4 b5 45. Kg3 b4 46.
h4 b3 47. axb3 Rxb3+ 48. Kf4 1-0

[Event "XIV Torneo Leonardo di Bona Magistrale"]
[Site "Cutro ITA"]
[Date "2008.04.24"]
[Round "2"]
[White "Solodovnichenko, Yuri"]
[Black "Kasparov, Sergey"]
[Result "1/2-1/2"]
[WhiteElo "2537"]
[BlackElo "2480"]
[PlyCount "99"]
[EventDate "2008.04.23"]

1. Nf3 Nf6 2. c4 c5 3. Nc3 e6 4. g3 b6 5. Bg2 Bb7 6. O-O d6 7. d4 cxd4 8. Qxd4
a6 9. Rd1 Be7 10. Bg5 Nbd7 11. Qd2 Qc8 12. b3 O-O 13. Rac1 Re8 14. Qb2 Qc7 15.
Ne1 Rad8 16. a4 Bxg2 17. Nxg2 Qb7 18. Bf4 Nf8 19. f3 d5 20. cxd5 exd5 21. e3 d4
22. exd4 Qxf3 23. Bc7 Rc8 24. Bxb6 Ba3 25. Qxa3 Rxc3 26. Rf1 Rxc1 27. Qxc1 Qxb3
28. a5 N8d7 29. Qc7 h6 30. Rc1 Re2 31. Qc3 Qxc3 32. Rxc3 Rb2 33. Rc8+ Kh7 34.
Rc7 Nxb6 35. axb6 Rxb6 36. Nf4 Kg8 37. Rc8+ Kh7 38. Rc7 Rd6 39. Rxf7 Rxd4 40.
Rxg7+ Kxg7 41. Ne6+ Kg6 42. Nxd4 a5 43. Kg2 a4 44. Nc2 Kf5 45. Kf3 h5 46. h3
Kg6 47. Ke3 Nh7 48. Kd4 Ng5 49. g4 h4 50. Ne3 1/2-1/2

[Event "XIV Torneo Leonardo di Bona Magistrale"]
[Site "Cutro ITA"]
[Date "2008.04.24"]
[Round "2"]
[White "Stromboli, Carlo"]
[Black "Van Hoolandt, Patrick"]
[Result "1/2-1/2"]
[WhiteElo "2266"]
[BlackElo "2183"]
[PlyCount "111"]
[EventDate "2008.04.23"]

1. Nc3 d5 2. d4 Nf6 3. Bg5 c5 4. e3 e6 5. Nf3 Qb6 6. Rb1 Nc6 7. dxc5 Bxc5 8.
Bd3 Be7 9. O-O a6 10. e4 d4 11. Ne2 e5 12. h3 Be6 13. b3 Rd8 14. Bd2 h6 15. b4
Bxa2 16. Rb2 Be6 17. b5 axb5 18. Rxb5 Qc7 19. Qb1 Bc8 20. c3 dxc3 21. Bxc3 Bd6
22. Rc1 Qe7 23. Bc4 O-O 24. Ng3 Ne8 25. Re1 Nc7 26. Rb2 Rfe8 27. Nf5 Bxf5 28.
exf5 b5 29. Bxb5 Nxb5 30. Rxb5 Rb8 31. Qd3 Rxb5 32. Qxb5 Na7 33. Qa4 f6 34. Rd1
Rc8 35. Qb3+ Kh7 36. Be1 Rb8 37. Qd5 Bc7 38. Ra1 Nb5 39. Qe4 Qe8 40. Rc1 Nd6
41. Qd5 Nb5 42. Nd2 Ba5 43. Ne4 Bxe1 44. Rxe1 Rd8 45. Qc5 Qd7 46. Qb6 Nd4 47.
Qxf6 gxf6 48. Nxf6+ Kg7 49. Nxd7 Rxd7 50. Rxe5 Kf6 51. f4 Rb7 52. Kf2 Rb2+ 53.
Kf1 Rb1+ 54. Kf2 Rb2+ 55. Kf1 Nxf5 56. g4 1/2-1/2

[Event "XIV Torneo Leonardo di Bona Magistrale"]
[Site "Cutro ITA"]
[Date "2008.04.24"]
[Round "2"]
[White "Stromboli, Ettore"]
[Black "Kragelj, Igor"]
[Result "0-1"]
[WhiteElo "2329"]
[BlackElo "2207"]
[PlyCount "114"]
[EventDate "2008.04.23"]

1. e4 c5 2. Nf3 e6 3. d4 cxd4 4. Nxd4 Nc6 5. c4 Nf6 6. Nc3 Bb4 7. Nxc6 bxc6 8.
Bd3 e5 9. O-O Bc5 10. Rb1 d6 11. b4 Bd4 12. Ne2 Bb6 13. Qc2 Nd7 14. Ba3 O-O 15.
Rfd1 Qe7 16. Rbc1 a5 17. b5 Bb7 18. Nc3 Rfc8 19. Qd2 Bc5 20. Bxc5 Nxc5 21. Bc2
Rd8 22. Rb1 Ne6 23. bxc6 Bxc6 24. Rb6 Qc7 25. Rdb1 Rab8 26. R6b3 Nd4 27. Ra3
Rb4 28. Rc1 Rxc4 29. Bd3 Rc5 30. Re1 Rb8 31. h3 h6 32. Rd1 Rb4 33. Ne2 Ba4 34.
Re1 Qb6 35. Ng3 Rb2 36. Qe3 Qb4 37. Rxa4 Qxa4 38. Nh5 Qb4 39. a3 Qd2 40. Qxd2
Rxd2 41. Bf1 Nc2 42. Rb1 Nxa3 43. Rb8+ Kh7 44. Rb7 Kg6 45. g4 Nc2 46. Bb5 Rxb5
47. Rxb5 a4 48. Rb2 Nd4 49. Rb8 a3 50. Ra8 a2 51. Kg2 Kh7 52. Ra7 g6 53. Nf6+
Kg7 54. Ne8+ Kf8 55. Nxd6 Nb3 56. Nc4 Rc2 57. Ne3 a1=Q 0-1

[Event "XIV Torneo Leonardo di Bona Magistrale"]
[Site "Cutro ITA"]
[Date "2008.04.25"]
[Round "3"]
[White "Blasco, Domenico"]
[Black "Stromboli, Carlo"]
[Result "0-1"]
[WhiteElo "2025"]
[BlackElo "2266"]
[PlyCount "74"]
[EventDate "2008.04.23"]

1. d4 d5 2. Nf3 c5 3. e3 Nf6 4. Bd3 Nc6 5. Nbd2 g6 6. c3 Bg7 7. O-O O-O 8. b3
e5 9. dxe5 Ng4 10. Bb2 Ngxe5 11. Nxe5 Nxe5 12. Be2 Bf5 13. Nf3 Nc6 14. Qd2 Qd7
15. Rfd1 Rad8 16. Rac1 Rfe8 17. Ba3 b6 18. b4 c4 19. h3 Bf6 20. b5 Ne5 21. Nxe5
Bxe5 22. g4 Be6 23. Rb1 h5 24. f4 Bf6 25. g5 Bg7 26. h4 Bf5 27. Rb2 Qe6 28. Kf2
Be4 29. Bf3 Qh3 30. Bxe4 Rxe4 31. Re1 Qxh4+ 32. Kf1 Qh3+ 33. Ke2 Rde8 34. Kd1
Rxe3 35. Rxe3 Rxe3 36. Qg2 Rd3+ 37. Rd2 Qxg2 0-1

[Event "XIV Torneo Leonardo di Bona Magistrale"]
[Site "Cutro ITA"]
[Date "2008.04.25"]
[Round "3"]
[White "Brancaleoni, Maurizio"]
[Black "Salvador, Roland"]
[Result "1/2-1/2"]
[WhiteElo "2207"]
[BlackElo "2450"]
[PlyCount "91"]
[EventDate "2008.04.23"]

1. Nf3 Nf6 2. c4 e6 3. d4 b6 4. g3 Ba6 5. b3 Bb4+ 6. Bd2 Be7 7. Bg2 d5 8. cxd5
exd5 9. Nc3 O-O 10. O-O Nc6 11. Bc1 Ne4 12. Bb2 Ba3 13. Qc1 Nxc3 14. Qxc3 Bxb2
15. Qxb2 Re8 16. Rfe1 Qf6 17. Rac1 h6 18. Ne5 Nxe5 19. dxe5 Rxe5 20. Rxc7 Qd6
21. Rc2 Rae8 22. e3 d4 23. Rd1 d3 24. Rcd2 Rd8 25. Bf1 g6 26. Qd4 Qxd4 27. exd4
Rxd4 28. Rc1 Rc5 29. Rxc5 bxc5 30. f4 c4 31. bxc4 Rxc4 32. Kf2 Ra4 33. Bxd3
Bxd3 34. Rxd3 Rxa2+ 35. Kf3 h5 36. h4 a5 37. f5 Kg7 38. fxg6 fxg6 39. Rd6 a4
40. Ra6 a3 41. Kf4 Kh6 42. Ra7 Ra1 43. Kf3 Ra2 44. Ke3 Ra1 45. Kf2 a2 46. Kg2
1/2-1/2

[Event "XIV Torneo Leonardo di Bona Magistrale"]
[Site "Cutro ITA"]
[Date "2008.04.25"]
[Round "3"]
[White "Cordi', Domenico"]
[Black "Dobrev, Nanko"]
[Result "0-1"]
[WhiteElo "2047"]
[BlackElo "2402"]
[PlyCount "107"]
[EventDate "2008.04.23"]

1. d4 d5 2. c4 e6 3. Nf3 Nf6 4. Nc3 dxc4 5. e3 a6 6. Bxc4 b5 7. Bd3 c5 8. dxc5
Bxc5 9. O-O Bb7 10. e4 Nbd7 11. Qe2 O-O 12. Bg5 Qb6 13. a3 h6 14. Bd2 Rfd8 15.
b4 Bd6 16. Be3 Qc7 17. Rac1 Ng4 18. Nxb5 Bxh2+ 19. Kh1 Qb8 20. Nbd4 Nxe3 21.
fxe3 Bg3 22. Nc6 Bxc6 23. Rxc6 Ne5 24. Nxe5 Qxe5 25. Rc5 Qd6 26. Bb1 Ra7 27.
Qf3 Be5 28. Bc2 Rad7 29. Ba4 Bb2 30. Bxd7 Rxd7 31. Ra5 Qd3 32. e5 Bxa3 33. Ra1
Bb2 34. R1a2 Bxe5 35. g3 Bc3 36. Rxa6 Bxb4 37. Ra8+ Kh7 38. R8a4 Bc5 39. Qe4+
g6 40. Qxd3 Rxd3 41. Kg2 Rxe3 42. Rc4 Bd6 43. g4 g5 44. Rac2 Kg6 45. R2c3 Rxc3
46. Rxc3 h5 47. Rd3 Bf4 48. gxh5+ Kxh5 49. Rd7 Kg6 50. Kf3 f5 51. Rd8 e5 52.
Rd6+ Kh5 53. Ra6 e4+ 54. Kg2 0-1

[Event "XIV Torneo Leonardo di Bona Magistrale"]
[Site "Cutro ITA"]
[Date "2008.04.25"]
[Round "3"]
[White "Damia, Angelo"]
[Black "Codenotti, Marco"]
[Result "1/2-1/2"]
[WhiteElo "2302"]
[BlackElo "2063"]
[PlyCount "63"]
[EventDate "2008.04.23"]

1. d4 Nf6 2. g4 h6 3. h3 d5 4. Bf4 e6 5. Qd3 Bd6 6. Bxd6 cxd6 7. Nd2 Nc6 8.
Ngf3 Bd7 9. c3 Qe7 10. O-O-O O-O-O 11. e4 Nxe4 12. Nxe4 dxe4 13. Qxe4 Qf6 14.
Bd3 Ne7 15. Qe2 Bc6 16. Be4 Qf4+ 17. Nd2 Bxe4 18. Qxe4 Qxe4 19. Nxe4 b6 20. f4
h5 21. Rde1 g6 22. Ng5 Rdf8 23. c4 d5 24. b3 Nc6 25. cxd5 Nxd4 26. Re4 f6 27.
gxh5 fxg5 28. Rxd4 Rxh5 29. fxg5 Rxg5 30. dxe6 Re5 31. Rd7 Rxe6 32. Rd2 1/2-1/2

[Event "XIV Torneo Leonardo di Bona Magistrale"]
[Site "Cutro ITA"]
[Date "2008.04.25"]
[Round "3"]
[White "Gladyszev, Oleg"]
[Black "Bentivegna, Francesco"]
[Result "1-0"]
[WhiteElo "2497"]
[BlackElo "2361"]
[PlyCount "119"]
[EventDate "2008.04.23"]

1. d4 Nf6 2. c4 e6 3. Nc3 Bb4 4. Qc2 d5 5. a3 Bxc3+ 6. Qxc3 c5 7. dxc5 d4 8.
Qg3 Nc6 9. b4 e5 10. Nf3 e4 11. b5 Na5 12. Nd2 e3 13. fxe3 Ng4 14. e4 O-O 15.
Bb2 Ne3 16. Rc1 Be6 17. Nf3 Naxc4 18. Bxd4 f6 19. Bxe3 Nxe3 20. Nd2 Qd4 21. Qd6
Qxd6 22. cxd6 Rfd8 23. Rc3 Ng4 24. Nf3 Rxd6 25. h3 Ne5 26. e3 Nxf3+ 27. gxf3
Rad8 28. Kf2 Rd2+ 29. Kg3 Kf8 30. h4 Ke7 31. Rh2 Rd1 32. Be2 Ra1 33. Bd3 b6 34.
Rb2 h6 35. Rb4 Rg1+ 36. Kf2 Rh1 37. Rc7+ Rd7 38. Rxd7+ Kxd7 39. Ra4 Rxh4 40.
Rxa7+ Kd6 41. Rxg7 Rh2+ 42. Rg2 Rh1 43. Rg6 Rh2+ 44. Kg3 Rd2 45. Bf1 Rd1 46.
Kf2 Rd2+ 47. Ke1 Rh2 48. Rxf6 Ke7 49. e5 h5 50. f4 Rh1 51. Kf2 h4 52. f5 Bd5
53. Rd6 Rh2+ 54. Ke1 Bf3 55. f6+ Kf7 56. Bc4+ Kg6 57. f7+ Kg5 58. f8=Q Kg4 59.
Rg6+ Kh3 60. Qxf3# 1-0

[Event "XIV Torneo Leonardo di Bona Magistrale"]
[Site "Cutro ITA"]
[Date "2008.04.25"]
[Round "3"]
[White "Kasparova, Tatiana"]
[Black "Solodovnichenko, Yuri"]
[Result "0-1"]
[WhiteElo "2147"]
[BlackElo "2537"]
[PlyCount "130"]
[EventDate "2008.04.23"]

1. e4 e6 2. d4 d5 3. exd5 exd5 4. Bd3 Nc6 5. c3 Bd6 6. Qf3 Nce7 7. Bf4 Nf6 8.
h3 O-O 9. Ne2 Ng6 10. Bxd6 Qxd6 11. O-O Re8 12. Nd2 Nh4 13. Qg3 Bf5 14. Qxd6
cxd6 15. Bb5 Bd7 16. Bd3 Re7 17. Ng3 Rae8 18. Rfc1 b5 19. Ndf1 Ne4 20. Ne2 g5
21. f3 Nd2 22. Neg3 Nxf1 23. Nxf1 Re2 24. Bxe2 Rxe2 25. Nh2 Rxg2+ 26. Kh1 h6
27. Rg1 Rxb2 28. Rgb1 Rg2 29. Rg1 Bxh3 30. Rxg2 Bxg2+ 31. Kg1 Bxf3 32. a4 a6
33. axb5 axb5 34. Ra6 Be4 35. Rxd6 h5 36. Rb6 g4 37. Kf2 Bd3 38. Nf1 Nf5 39.
Ng3 h4 40. Nxf5 Bxf5 41. Rh6 h3 42. Rh5 Be6 43. Kg3 f6 44. Kf4 Kg7 45. Rh4 Kf7
46. Rh6 Kg7 47. Rh4 f5 48. Rh5 Bf7 49. Rh4 Be8 50. Kg3 Bd7 51. Kf4 Bc8 52. Rh5
Kg6 53. Rh4 Bd7 54. Rh8 Be6 55. Re8 Bf7 56. Rh8 Be6 57. Re8 Kf7 58. Rh8 Kg7 59.
Rh4 Kg6 60. Rh8 Bf7 61. Rb8 Kg7 62. Kg3 f4+ 63. Kh2 Be6 64. Rxb5 g3+ 65. Kg1
h2+ 0-1

[Event "XIV Torneo Leonardo di Bona Magistrale"]
[Site "Cutro ITA"]
[Date "2008.04.25"]
[Round "3"]
[White "Kragelj, Igor"]
[Black "Meijers, Viesturs"]
[Result "0-1"]
[WhiteElo "2207"]
[BlackElo "2510"]
[PlyCount "60"]
[EventDate "2008.04.23"]

1. d4 Nf6 2. c4 e6 3. Nf3 d5 4. Nc3 Be7 5. Bg5 Nbd7 6. e3 O-O 7. Rc1 b6 8. cxd5
exd5 9. Be2 Bb7 10. O-O a6 11. Qc2 Re8 12. Rfd1 Bd6 13. Ne1 h6 14. Bh4 Qe7 15.
Bg3 Bxg3 16. hxg3 Rac8 17. Nd3 c5 18. dxc5 bxc5 19. Bf3 g5 20. Ne1 Qe5 21. Qa4
Red8 22. Rd2 Nb6 23. Qd1 Nc4 24. Rdc2 Qe6 25. Na4 Nd7 26. Rxc4 dxc4 27. Bxb7
Rc7 28. Bd5 Qe7 29. Qe2 Ne5 30. Bxc4 30... Nxc4 $138 0-1

[Event "XIV Torneo Leonardo di Bona Magistrale"]
[Site "Cutro ITA"]
[Date "2008.04.25"]
[Round "3"]
[White "Lazic, Miroljub"]
[Black "Andonov, Bogomil"]
[Result "1-0"]
[WhiteElo "2539"]
[BlackElo "2334"]
[PlyCount "89"]
[EventDate "2008.04.23"]

1. e4 c5 2. Nf3 Nc6 3. Bb5 e5 4. O-O Nge7 5. c3 g6 6. d4 cxd4 7. cxd4 exd4 8.
Nxd4 Bg7 9. Be3 O-O 10. Nc3 d5 11. exd5 Nxd5 12. Nxc6 bxc6 13. Nxd5 cxb5 14.
Bc5 Re8 15. Be7 Qd7 16. Re1 Kh8 17. Nf6 Qxd1 18. Raxd1 Be6 19. Nxe8 Rxe8 20. b3
a5 21. Rd8 Rxd8 22. Bxd8 a4 23. bxa4 bxa4 24. a3 h6 25. Re4 Bb3 26. Bc7 Kh7 27.
Re8 g5 28. Be5 f6 29. Bd6 Kg6 30. Ra8 Kf7 31. Ra7+ Kg6 32. g4 Bc2 33. Kg2 h5
34. gxh5+ Kh6 35. h4 Bh8 36. Ra5 g4 37. Bf4+ Kh7 38. Kg3 f5 39. Ra7+ Kg8 40. h6
Bb2 41. h7+ Kh8 42. Re7 Bf6 43. Be5 Bxe5+ 44. Rxe5 Kxh7 45. Re6 1-0

[Event "XIV Torneo Leonardo di Bona Magistrale"]
[Site "Cutro ITA"]
[Date "2008.04.25"]
[Round "3"]
[White "Maiorov, Nikita"]
[Black "Mrdja, Milan"]
[Result "1-0"]
[WhiteElo "2524"]
[BlackElo "2360"]
[PlyCount "63"]
[EventDate "2008.04.23"]

1. d4 Nf6 2. c4 e6 3. Nc3 Bb4 4. Qc2 O-O 5. a3 Bxc3+ 6. Qxc3 b6 7. Bg5 Bb7 8.
f3 h6 9. Bh4 d5 10. e3 Nbd7 11. cxd5 exd5 12. Bd3 c5 13. Ne2 Re8 14. Bf2 Qc8
15. b4 Ba6 16. b5 c4 17. bxa6 cxd3 18. Qxd3 Nb8 19. Bh4 g5 20. Bg3 Qxa6 21.
Qxa6 Nxa6 22. Kd2 Re7 23. h4 Nh5 24. Be5 g4 25. fxg4 f6 26. Bh2 Ng7 27. Rhf1
Rf8 28. Rf3 Ne8 29. Raf1 Kg7 30. g5 hxg5 31. hxg5 Kg6 32. Be5 1-0

[Event "XIV Torneo Leonardo di Bona Magistrale"]
[Site "Cutro ITA"]
[Date "2008.04.25"]
[Round "3"]
[White "Van Hoolandt, Patrick"]
[Black "Abatino, Maurizio"]
[Result "1/2-1/2"]
[WhiteElo "2183"]
[BlackElo "2168"]
[PlyCount "45"]
[EventDate "2008.04.23"]

1. d4 Nf6 2. c4 e6 3. Nf3 b6 4. Nc3 Bb7 5. Bg5 Bb4 6. e3 h6 7. Bh4 O-O 8. Bd3
d6 9. O-O Bxc3 10. bxc3 Nbd7 11. Nd2 e5 12. f3 Qe8 13. Qc2 exd4 14. exd4 Qe3+
15. Kh1 Qf4 16. g3 Qg4 17. Kg1 Qh5 18. Bxf6 Nxf6 19. Ne4 Nxe4 20. Bxe4 Bxe4 21.
fxe4 Rae8 22. Rf4 Qg6 23. Qg2 1/2-1/2

[Event "XIV Torneo Leonardo di Bona Magistrale"]
[Site "Cutro ITA"]
[Date "2008.04.26"]
[Round "4"]
[White "Abatino, Maurizio"]
[Black "Stromboli, Ettore"]
[Result "1/2-1/2"]
[WhiteElo "2168"]
[BlackElo "2329"]
[PlyCount "36"]
[EventDate "2008.04.23"]

1. d4 Nf6 2. c4 e6 3. Nc3 Bb4 4. e3 b6 5. Bd3 Bb7 6. Nf3 Ne4 7. O-O Bxc3 8.
bxc3 f5 9. Ne1 Qh4 10. f3 Ng5 11. a4 O-O 12. Qe2 Rf6 13. Qf2 Qh5 14. Qg3 Rg6
15. Qxc7 Bxf3 16. Qd8+ Kf7 17. Ba3 Na6 18. Qxd7+ Kg8 1/2-1/2

[Event "XIV Torneo Leonardo di Bona Magistrale"]
[Site "Cutro ITA"]
[Date "2008.04.26"]
[Round "4"]
[White "Andonov, Bogomil"]
[Black "Kasparova, Tatiana"]
[Result "1-0"]
[WhiteElo "2334"]
[BlackElo "2147"]
[PlyCount "117"]
[EventDate "2008.04.23"]

1. Nf3 Nf6 2. c4 c5 3. Nc3 e6 4. e4 d6 5. d4 cxd4 6. Nxd4 a6 7. Bd3 b6 8. O-O
Bb7 9. b3 Nbd7 10. Bc2 Qc7 11. Bb2 Be7 12. f4 O-O 13. Kh1 Rfe8 14. Qf3 g6 15.
Rae1 Bf8 16. Qh3 Bg7 17. f5 exf5 18. exf5 Rxe1 19. Rxe1 Ne5 20. Ne4 Nxe4 21.
Bxe4 Bxe4 22. Rxe4 b5 23. cxb5 axb5 24. a3 Qa5 25. Qe3 Rc8 26. Qe2 b4 27. axb4
Qxb4 28. fxg6 hxg6 29. Nf5 Qxe4 30. Qxe4 gxf5 31. Qxf5 Rc5 32. g3 Nc4 33. Qd3
Nxb2 34. Qxd6 Rc3 35. b4 Rd3 36. Qb8+ Kh7 37. b5 Nc4 38. b6 Rb3 39. b7 Na5 40.
Qa8 Rxb7 41. Qxa5 Re7 42. Qf5+ Kg8 43. h4 Re5 44. Qc8+ Kh7 45. g4 Re6 46. Kg2
Rf6 47. Qe8 Rg6 48. Kg3 Rf6 49. g5 Rf1 50. Kg2 Rf4 51. Kg3 Rf1 52. Qe4+ Kg8 53.
h5 Rg1+ 54. Kh4 Rf1 55. Qe8+ Bf8 56. Qa8 f6 57. g6 Rf4+ 58. Kg3 Rf5 59. Qe8 1-0

[Event "XIV Torneo Leonardo di Bona Magistrale"]
[Site "Cutro ITA"]
[Date "2008.04.26"]
[Round "4"]
[White "Bentivegna, Francesco"]
[Black "Cordi', Domenico"]
[Result "1-0"]
[WhiteElo "2361"]
[BlackElo "2047"]
[PlyCount "77"]
[EventDate "2008.04.23"]

1. e4 e5 2. Nf3 Nc6 3. Bc4 Bc5 4. O-O Nf6 5. d4 Bxd4 6. Nxd4 Nxd4 7. Bg5 d6 8.
f4 Be6 9. Na3 Qe7 10. c3 Nc6 11. Bd5 h6 12. Bxf6 gxf6 13. Qa4 Qd7 14. Nb5 Ke7
15. Qc2 Rag8 16. fxe5 fxe5 17. Qf2 a6 18. Qh4+ Ke8 19. Bxe6 fxe6 20. Qh5+ Kd8
21. Rf7 Ne7 22. Na3 Qe8 23. Qf3 Rf8 24. Rf6 Rxf6 25. Qxf6 Kd7 26. Nc4 Qf8 27.
Qh4 Qf4 28. Qe1 Rg8 29. Qe2 Qg4 30. Re1 Qxe2 31. Rxe2 Ng6 32. g3 Rf8 33. Kg2 b6
34. h4 h5 35. Nd2 a5 36. Re3 Ke7 37. Nf3 Nh8 38. Kh3 Rg8 39. Nh2 $139 1-0

[Event "XIV Torneo Leonardo di Bona Magistrale"]
[Site "Cutro ITA"]
[Date "2008.04.26"]
[Round "4"]
[White "Codenotti, Marco"]
[Black "Van Hoolandt, Patrick"]
[Result "0-1"]
[WhiteElo "2063"]
[BlackElo "2183"]
[PlyCount "58"]
[EventDate "2008.04.23"]

1. e4 e5 2. Nf3 Nc6 3. Bc4 Bc5 4. d3 a6 5. c3 Nf6 6. Bb3 O-O 7. Nbd2 Ba7 8. h3
h6 9. Nf1 d5 10. Qe2 Be6 11. g4 dxe4 12. dxe4 Bxb3 13. axb3 Qd6 14. g5 hxg5 15.
Bxg5 Nh7 16. Rd1 Qe6 17. Rg1 f5 18. Ng3 fxe4 19. Nxe4 Rf5 20. Nh4 Bxf2+ 21.
Nxf2 Rxg5 22. Rxg5 Nxg5 23. Qh5 Nh7 24. Ne4 Re8 25. Nc5 Qf7 26. Qf5 Qe7 27. Qf2
Nd4 28. Ne4 Qxh4 29. cxd4 Qxe4+ 0-1

[Event "XIV Torneo Leonardo di Bona Magistrale"]
[Site "Cutro ITA"]
[Date "2008.04.26"]
[Round "4"]
[White "Dobrev, Nanko"]
[Black "Gladyszev, Oleg"]
[Result "1-0"]
[WhiteElo "2402"]
[BlackElo "2497"]
[PlyCount "89"]
[EventDate "2008.04.23"]

1. d4 Nf6 2. c4 g6 3. Nc3 Bg7 4. e4 d6 5. Nf3 O-O 6. h3 e5 7. dxe5 dxe5 8. Be3
Qxd1+ 9. Rxd1 b6 10. Nd5 Nxd5 11. cxd5 Bb7 12. Bc4 Nd7 13. O-O Nf6 14. Nd2 c6
15. dxc6 Bxc6 16. f3 Rfd8 17. Nb1 b5 18. Bb3 a5 19. a3 Bf8 20. Rxd8 Rxd8 21.
Bb6 Ra8 22. Rc1 Bd7 23. Nc3 a4 24. Nd5 Kg7 25. Nxf6 Kxf6 26. Bd5 Rc8 27. Rxc8
Bxc8 28. Bc6 Ba6 29. Kf2 h5 30. h4 Be7 31. g4 hxg4 32. fxg4 Kg7 33. Kg3 f6 34.
Kf3 Kh7 35. Be3 Bf8 36. Bd7 Kg7 37. h5 Kh7 38. Be8 gxh5 39. gxh5 Bb7 40. Bg6+
Kg7 41. Bd2 Bc5 42. Bf5 Bd4 43. h6+ Kf7 44. h7 Kg7 45. Bb4 1-0